00840nam a2200241Ia 450000500170000000800410001702000220005804000190008004100120009908200150011110000240012624501060015026000390025630000340029550400360032963000330036565000320039865100340043085000100046494200070047499900160048195201010049720220706152030.0131103s9999 xx 000 0 und d a761998276cRs 295 aLoreto College aEnglish a305.5bSIN aSinghaRoy, Debal K. aPeasant movements in post-colonial Indiab Dynamics of mobilization and identity cDebal K. SinghaRoy aNew DelhibSage Publicationsc2004 a275pb tables, graphs, charts aIncludes bibliography and index aPeasantry, Social Conditions aSocial Movements, Peasantry aPeasantry, Political Activity aLCLIB cBK c8024d58503 00102ddc4070aMAINbMAINd2013-11-04l0o305.5 SIN 44131pB7896r2013-11-04w2013-11-04yBKf